| Tag |
First Indicator |
Second Indicator |
Subfields |
| LEADER |
00000cem a2200000 a 4500 |
| 001 |
in00001406522 |
| 005 |
20151020072737.0 |
| 007 |
aj canzn |
| 008 |
941021s1992 mx a 1 spa d |
| 020 |
|
|
|a 9706210008
|
| 034 |
1 |
|
|a a
|b 19500
|
| 035 |
|
|
|a (OCoLC)31326355
|
| 035 |
|
|
|9 AHQ3462AM
|
| 040 |
|
|
|a CFS
|c CFS
|d UUM
|d TXA
|d UtOrBLW
|
| 049 |
|
|
|a TXAM
|
| 052 |
|
|
|a 4414
|b L6
|
| 090 |
|
|
|a G4414.L4 1992
|b .G8
|
| 110 |
2 |
|
|a Guía Roji, s.a.
|
| 245 |
1 |
0 |
|a Ciudad de Leon.
|
| 255 |
|
|
|a Scale 1:19,500.
|
| 264 |
|
1 |
|a México, D.F. :
|b Guía Roji,
|c [1992]
|
| 264 |
|
4 |
|c ©1992
|
| 300 |
|
|
|a 1 map :
|b both sides, color ;
|c 137 x 128 cm., on sheet 69 x 94 cm., folded to 26 x 14 cm.
|
| 336 |
|
|
|a cartographic image
|b cri
|2 rdacontent
|
| 337 |
|
|
|a unmediated
|b n
|2 rdamedia
|
| 338 |
|
|
|a sheet
|b nb
|2 rdacarrier
|
| 500 |
|
|
|a Title on panel: Leon, Guanajuato.
|
| 500 |
|
|
|a Includes index.
|
| 500 |
|
|
|a Cartographic material.
|
| 651 |
|
0 |
|a León (Mexico)
|x Maps.
|
| 740 |
0 |
|
|a León, Guanajuato.
|
| 948 |
|
|
|a c:JLG
|
| 999 |
|
|
|a MARS
|
| 999 |
f |
f |
|s ced7f9d9-f82c-3866-a4fb-1f960acad7d6
|i 767b000c-b50d-3fe9-bc1d-0d8a18df6bb8
|t 0
|
| 952 |
f |
f |
|p normal
|a Texas A&M University
|b College Station
|c Sterling C. Evans Library
|d Evans: Maps (2nd floor)
|t 0
|e G4414.L4 1992 .G8
|h Library of Congress classification
|i unmediated -- sheet
|m A14823718328
|
| 952 |
f |
f |
|p normal
|a Texas A&M University
|b College Station
|c Sterling C. Evans Library
|d Evans: Maps (2nd floor)
|t 0
|e G4414.L4 1992 .G8
|h Library of Congress classification
|i unmediated -- sheet
|m A14815730104
|
| 998 |
f |
f |
|a G4414.L4 1992 .G8
|t 0
|l Evans: Maps (2nd floor)
|
| 998 |
f |
f |
|a G4414.L4 1992 .G8
|t 0
|l Evans: Maps (2nd floor)
|